[Event "CZE-chT 0304"]
[Site "Czech Republic"]
[Date "2003.12.06"]
[Round "3"]
[White "Hala, Bohumil"]
[Black "Civin, Tomas"]
[Result "0-1"]
[WhiteElo "2234"]
[BlackElo "2387"]
[PlyCount "102"]
[EventDate "2003.11.08"]
[EventType "team-tourn"]
[EventRounds "11"]
[EventCountry "CZE"]
[SourceTitle "EXT 2019"]
[Source "ChessBase"]
[SourceDate "2018.10.10"]
[SourceVersion "1"]
[SourceVersionDate "2018.10.10"]
[SourceQuality "1"]
[WhiteTeam "Hradec Kralove Slavia"]
[BlackTeam "Praha Mahrla"]
[WhiteTeamCountry "CZE"]
[BlackTeamCountry "CZE"]

1. d4 Nf6 2. Nf3 g6 3. c4 Bg7 4. Nc3 0-0 5. g3 d6 6. Bg2 c5 7. 0-0 Nc6 8. d5 Na5 9. Nd2 e5 10. a3 b6 11. b4 Nb7 12. e4 Bd7 13. Bb2 Qe8 14. Qe2 Nh5 15. Bf3 Bh6 16. Nb3 Ng7 17. bxc5 Nxc5 18. Nxc5 bxc5 19. Nb5 Qe7 20. Bg2 a6 21. Nc3 Rfb8 22. Rab1 Rb3 23. Ba1 Rab8 24. Qc2 R3b6 25. Rbe1 R6b7 26. f4 f6 27. f5 Rb3 28. g4 Bg5 29. Kh1 R3b7 30. Rf3 h5 31. Bh3 Qd8 32. Rg1 h4 33. Qf2 Kf7 34. Rf1 Ne8 35. Bg2 Kg7 36. Ne2 Qa5 37. Bc3 Qa4 38. Ng1 Rb3 39. Nh3 Qxa3 40. Qc2 Qa4 41. Nxg5 fxg5 42. Ra1 Rb1+ 43. Rxb1 Qxc2 44. Rxb8 Nf6 45. Rd8 Qxe4 46. fxg6 Qb1+ 47. Rf1 Qd3 48. Rf3 Qd1+ 49. Rf1 Qc2 50. Ba5 Bxg4 51. Rxd6 h3 0-1

[Event "CZE-chT2V 0203"]
[Site "Czech Republic"]
[Date "2003.??.??"]
[Round "2"]
[White "Hala, Bohumil"]
[Black "Chura, Jan"]
[Result "0-1"]
[WhiteElo "2234"]
[BlackElo "2188"]
[PlyCount "142"]
[EventDate "2002.10.??"]
[EventType "team"]
[EventRounds "11"]
[EventCountry "CZE"]
[SourceTitle "EXT 2007"]
[Source "ChessBase"]
[SourceDate "2006.11.23"]
[SourceVersion "1"]
[SourceVersionDate "2006.11.23"]
[SourceQuality "1"]
[WhiteTeam "Vrchlabi"]
[BlackTeam "Bohemians II"]
[WhiteTeamCountry "CZE"]
[BlackTeamCountry "CZE"]

1. d4 d5 2. c4 c6 3. Nc3 Nf6 4. Nf3 e6 5. cxd5 cxd5 6. Bg5 Be7 7. e3 0-0 8. Bd3 h6 9. Bh4 b6 10. 0-0 Ba6 11. Bxa6 Nxa6 12. Ne5 Nb8 13. f4 Nfd7 14. Bxe7 Qxe7 15. Rc1 Nxe5 16. fxe5 Nd7 17. e4 dxe4 18. Nxe4 f6 19. exf6 Nxf6 20. Nxf6+ Rxf6 21. Rxf6 Qxf6 22. d5 Rd8 23. d6 Qe5 24. Rc6 Qe3+ 25. Kh1 Qe4 26. Rc1 Qd5 27. Qxd5 exd5 28. Rc6 Rd7 29. Kg1 Kf7 30. Kf2 Ke6 31. Ke3 Rxd6 32. Rc7 Rd7 33. Rc8 Rf7 34. g3 Rd7 35. Kd4 Kf5 36. h3 Ke6 37. Rc6+ Ke7 38. a4 Kf7 39. b3 Ke7 40. Rg6 Kd8 41. b4 Ke8 42. Re6+ Kf7 43. Re5 Kf6 44. Rxd5 Rc7 45. Rd6+ Ke7 46. Rg6 Kf7 47. Rd6 Ke7 48. Kd5 Rc3 49. Rg6 Kf7 50. Rc6 Rxg3 51. Rc7+ Kf6 52. Rxa7 Rxh3 53. Rb7 Ra3 54. Rxb6+ Kf5 55. a5 h5 56. Rb7 g5 57. Rf7+ Kg6 58. Rf8 g4 59. Kc5 g3 60. a6 Kg7 61. Rf5 Rxa6 62. Rxh5 g2 63. Rg5+ Rg6 64. Rxg2 Rxg2 65. b5 Kf7 66. Kc6 Ke7 67. b6 Kd8 68. Kb7 Ra2 69. Kb8 Kd7 70. b7 Rb2 71. Ka7 Kc7 0-1

[Event "CZE-chT2 0102"]
[Site "Czech Republic"]
[Date "2002.01.27"]
[Round "8.5"]
[White "Kansky, Pavel"]
[Black "Hala, Bohumil"]
[Result "0-1"]
[WhiteElo "2153"]
[BlackElo "2275"]
[PlyCount "54"]
[EventDate "2001.10.??"]
[EventType "team"]
[EventRounds "11"]
[EventCountry "CZE"]
[SourceTitle "EXT 2006"]
[Source "ChessBase"]
[SourceDate "2005.11.24"]
[SourceVersion "1"]
[SourceVersionDate "2005.11.24"]
[SourceQuality "1"]

1. c4 e6 2. Nc3 d5 3. d4 Nf6 4. Bg5 Be7 5. e3 0-0 6. cxd5 exd5 7. Bd3 c6 8. Nge2 Nbd7 9. 0-0 Re8 10. Rb1 Nf8 11. b4 a6 12. a4 Ng6 13. Qc2 Ng4 14. Bxe7 Qxe7 15. h3 Nf6 16. Ng3 Qd6 17. a5 Nh4 18. Rfc1 Be6 19. Na4 Re7 20. Nc5 Rae8 21. Bf1 Bc8 22. Rb3 g6 23. Bd3 Kh8 24. Rc3 Nh5 25. Nf1 Qf6 26. f4 g5 27. Be2 Nxf4 0-1

[Event "CZE-chTV 0102"]
[Site "Czech Republic"]
[Date "2002.??.??"]
[Round "1"]
[White "Bernasek, Jan"]
[Black "Hala, Bohumil"]
[Result "1-0"]
[WhiteElo "2235"]
[BlackElo "2275"]
[PlyCount "49"]
[EventDate "2001.??.??"]
[EventType "team"]
[EventRounds "11"]
[EventCountry "CZE"]
[SourceTitle "EXT 2003"]
[Source "ChessBase"]
[SourceDate "2002.11.25"]
[SourceVersion "1"]
[SourceVersionDate "2002.11.25"]
[SourceQuality "1"]
[WhiteTeam "Infinity B"]
[BlackTeam "Vrchlabi"]
[WhiteTeamCountry "CZE"]
[BlackTeamCountry "CZE"]

1. d4 Nf6 2. c4 e6 3. Nf3 d5 4. g3 dxc4 5. Bg2 c5 6. 0-0 Nc6 7. Ne5 Bd7 8. Na3 cxd4 9. Naxc4 Rc8 10. Bf4 Bc5 11. Nd3 Be7 12. Nd6+ Bxd6 13. Bxd6 Na5 14. Ne5 Bc6 15. Nxc6 Nxc6 16. Bxc6+ Rxc6 17. Ba3 e5 18. Qa4 a6 19. Rac1 Qd7 20. Qa5 Qd5 21. Qb4 Kd8 22. Qxb7 Rxc1 23. Qe7+ Kc8 24. Rxc1+ Kb8 25. Bd6+ 1-0

[Event "CZE-chT2V 0203"]
[Site "Czech Republic"]
[Date "2002.??.??"]
[Round "2"]
[White "Dvorak, Jan"]
[Black "Hala, Bohumil"]
[Result "1/2-1/2"]
[WhiteElo "2266"]
[BlackElo "2234"]
[PlyCount "67"]
[EventDate "2002.10.??"]
[EventType "team"]
[EventRounds "11"]
[EventCountry "CZE"]
[SourceTitle "EXT 2007"]
[Source "ChessBase"]
[SourceDate "2006.11.23"]
[SourceVersion "1"]
[SourceVersionDate "2006.11.23"]
[SourceQuality "1"]
[WhiteTeam "Kobylisy"]
[BlackTeam "Vrchlabi"]
[WhiteTeamCountry "CZE"]
[BlackTeamCountry "CZE"]

1. Nf3 Nf6 2. c4 e6 3. Nc3 d5 4. d4 Be7 5. Bg5 0-0 6. e3 h6 7. Bh4 b6 8. Rc1 Bb7 9. Bd3 Nbd7 10. 0-0 a6 11. cxd5 exd5 12. Qe2 Re8 13. Rfd1 Ne4 14. Bg3 Nxg3 15. hxg3 Bd6 16. Bb1 g6 17. a3 Qe7 18. Ba2 Nf6 19. Qd3 Rad8 20. b4 c6 21. Rc2 Ne4 22. Na4 Bc7 23. Re1 h5 24. Qb3 Kg7 25. Nc3 Bd6 26. Nxe4 Qxe4 27. Bb1 Qg4 28. Qd3 Re7 29. Rce2 Rde8 30. Nh2 Qd7 31. f4 Bc8 32. Qc3 Kh8 33. Nf3 Bb7 34. Ne5 1/2-1/2

[Event "CZE-chT2V 0203"]
[Site "Czech Republic"]
[Date "2002.??.??"]
[Round "2"]
[White "Hala, Bohumil"]
[Black "Tuma, Jiri"]
[Result "1-0"]
[WhiteElo "2234"]
[BlackElo "2172"]
[PlyCount "79"]
[EventDate "2002.10.??"]
[EventType "team"]
[EventRounds "11"]
[EventCountry "CZE"]
[SourceTitle "EXT 2007"]
[Source "ChessBase"]
[SourceDate "2006.11.23"]
[SourceVersion "1"]
[SourceVersionDate "2006.11.23"]
[SourceQuality "1"]
[WhiteTeam "Vrchlabi"]
[BlackTeam "Havlickuv Brod"]
[WhiteTeamCountry "CZE"]
[BlackTeamCountry "CZE"]

1. d4 d5 2. c4 c6 3. Nf3 Nf6 4. Nc3 e6 5. cxd5 exd5 6. Qc2 Be7 7. Bg5 Nbd7 8. e3 0-0 9. Bd3 Re8 10. 0-0 Nf8 11. h3 Ne4 12. Bf4 Ng5 13. Bxg5 Bxg5 14. b4 Be7 15. b5 Qd6 16. bxc6 bxc6 17. Na4 Qf6 18. Ne5 Bd6 19. f4 Rb8 20. Rac1 Re7 21. Nc5 Bxe5 22. dxe5 Qh4 23. Rb1 Rb6 24. a4 f6 25. exf6 Qxf6 26. Rb3 Ne6 27. Nxe6 Qxe6 28. Bxh7+ Kh8 29. Rc3 Ba6 30. Bf5 Qf6 31. a5 Bxf1 32. axb6 Bc4 33. Ra3 Qf7 34. Bg6 Qf8 35. bxa7 Qa8 36. Qf5 d4 37. Qh5+ Kg8 38. Qc5 d3 39. Qxc4+ Kh8 40. Qxc6 1-0

[Event "CZE-chT2V 0203"]
[Site "Czech Republic"]
[Date "2002.??.??"]
[Round "2"]
[White "Novotny, Josef"]
[Black "Hala, Bohumil"]
[Result "0-1"]
[WhiteElo "2187"]
[BlackElo "2234"]
[PlyCount "62"]
[EventDate "2002.10.??"]
[EventType "team"]
[EventRounds "11"]
[EventCountry "CZE"]
[SourceTitle "EXT 2007"]
[Source "ChessBase"]
[SourceDate "2006.11.23"]
[SourceVersion "1"]
[SourceVersionDate "2006.11.23"]
[SourceQuality "1"]
[WhiteTeam "Rychnov nad Kneznou"]
[BlackTeam "Vrchlabi"]
[WhiteTeamCountry "CZE"]
[BlackTeamCountry "CZE"]

1. e3 e5 2. d3 d5 3. Nf3 Nc6 4. Nbd2 g6 5. g3 Bg7 6. Bg2 Nge7 7. 0-0 0-0 8. e4 h6 9. exd5 Nxd5 10. Re1 Re8 11. Nc4 Nb6 12. Ne3 Be6 13. h3 Qd7 14. Kh2 f5 15. g4 fxg4 16. Nxg4 Bxg4 17. hxg4 Qxg4 18. Re4 Qf5 19. Nh4 Qf7 20. Qg4 g5 21. Bxg5 hxg5 22. Qxg5 Qf6 23. Qh5 Qh6 24. Qg4 Nd5 25. Qg3 Nf6 26. Rc4 Nd4 27. Qh3 c6 28. Re1 Kf7 29. c3 Rh8 30. cxd4 Qxh4 31. dxe5 Ng4+ 0-1

[Event "CZE-chT2a 0001"]
[Site "Czech Republic"]
[Date "2001.??.??"]
[Round "6"]
[White "Boukal, Petr"]
[Black "Hala, Bohumil"]
[Result "0-1"]
[WhiteElo "2265"]
[BlackElo "2275"]
[PlyCount "145"]
[EventDate "2000.??.??"]
[EventType "team"]
[EventRounds "11"]
[EventCountry "CZE"]
[SourceTitle "EXT 2003"]
[Source "ChessBase"]
[SourceDate "2002.11.25"]
[SourceVersion "1"]
[SourceVersionDate "2002.11.25"]
[SourceQuality "1"]

1. e4 e5 2. Nf3 Nc6 3. Bb5 a6 4. Ba4 Nf6 5. 0-0 b5 6. Bb3 Be7 7. Re1 0-0 8. a4 b4 9. d3 d6 10. c3 Rb8 11. Nbd2 Na5 12. Bc2 Re8 13. h3 c5 14. Nb3 Be6 15. Nxa5 Qxa5 16. c4 Nd7 17. b3 f5 18. Nh2 f4 19. Qd2 Rf8 20. Bd1 Qd8 21. Bf3 Bh4 22. Qe2 Qe7 23. Kh1 Rf7 24. Rg1 Rbf8 25. Bb2 Bg5 26. Raf1 Nb8 27. Rb1 Nc6 28. Rgf1 g6 29. Rg1 Rg7 30. Bg4 Rgf7 31. Bxe6 Qxe6 32. f3 Bh4 33. Ng4 Kg7 34. Nh2 h5 35. Rbc1 Qf6 36. Rcd1 Qg5 37. Nf1 Qh6 38. Nh2 Rf6 39. Rb1 g5 40. Nf1 Ne7 41. Nh2 Nc6 42. Nf1 Kh7 43. Nh2 Qg6 44. Rbd1 Qe8 45. Nf1 Qe6 46. Kh2 g4 47. Rd2 Rg8 48. Qd1 Bf2 49. Rxf2 g3+ 50. Nxg3 fxg3+ 51. Kh1 gxf2 52. Rf1 Ne7 53. Rxf2 Ng6 54. Bc1 Nf4 55. Bxf4 Rxf4 56. Qf1 Qg6 57. Re2 Qg3 58. Qf2 Qxf2 59. Rxf2 Rf6 60. Kg1 Rfg6 61. h4 Rf8 62. Kh2 Kg7 63. Re2 Kf6 64. Rd2 Ke6 65. Re2 Rf4 66. Kh3 Rg7 67. Rd2 Kf6 68. Rf2 Kg6 69. g3 Kf6 70. Kh2 Ke6 71. Kh3 Rf8 72. Kh2 Rfg8 73. Rg2 0-1